000 00337nam a2200121Ia 4500
008 210430s9999 xx 000 0 und d
082 _a070 H344 J
100 _aDr.Mehndi Hasan, Dr. Abdul Salam Khurshid
_9128879
245 _aJournalism For All /
_cDr.Mehndi Hasan
260 _aLahore
_bAziz
_c2007
300 _a327p
942 _cBK
_2ddc
999 _c563368
_d563368